MARC details
| 000 -CABECERA |
| campo de control de longitud fija |
01164cam a2200289 4500 |
| 001 - NÚMERO DE CONTROL |
| campo de control |
000018300 |
| 005 - FECHA Y HORA DE LA ÚLTIMA TRANSACCIÓN |
| campo de control |
20200929165438.0 |
| 008 - DATOS DE LONGITUD FIJA--INFORMACIÓN GENERAL |
| campo de control de longitud fija |
700922s1969 enka 000 0 eng |
| 040 ## - FUENTE DE LA CATALOGACIÓN |
| Centro catalogador/agencia de origen |
DO-SdBNP |
| Centro/agencia transcriptor |
DLC |
| Centro/agencia modificador |
DLC |
| -- |
BNPHU |
| 041 17 - CÓDIGO DE LENGUA |
| Código de lengua del texto/banda sonora o título independiente |
eng |
| Fuente del código |
rus |
| 082 ## - NÚMERO DE LA CLASIFICACIÓN DECIMAL DEWEY |
| Número de clasificación |
891.7 |
| Número de documento/Ítem |
C515p |
| 100 1# - ENTRADA PRINCIPAL--NOMBRE DE PERSONA |
| Nombre de persona |
Chekhov, Anton Pavlovich, |
| Fechas asociadas al nombre |
1860-1904. |
| 9 (RLIN) |
39633 |
| 240 10 - TÍTULO UNIFORME |
| Título uniforme |
Plays. |
| Lenguaje de la obra |
English. |
| Subencabezamiento de forma |
Selections |
| 245 10 - MENCIÓN DE TÍTULO |
| Título |
Chekhov plays, / |
| Mención de responsabilidad, etc. |
Anton Pavlovich Chekhov ; introducción Arnold B. McMillin. ; ilustración Mette Ivers. ; traducción Elisaveta Fen. |
| 260 ## - PUBLICACIÓN, DISTRIBUCIÓN, ETC. |
| Lugar de publicación, distribución, etc. |
Londres : |
| Nombre del editor, distribuidor, etc. |
Distributed by Heron Books, |
| Fecha de publicación, distribución, etc. |
1969. |
| 300 ## - DESCRIPCIÓN FÍSICA |
| Extensión |
457 p. : |
| Otras características físicas |
il. ; |
| Dimensiones |
21 cm. |
| 490 0# - MENCIÓN DE SERIE |
| Mención de serie |
Books that have changed man's thinking |
| 505 0# - NOTA DE CONTENIDO CON FORMATO |
| Nota de contenido con formato |
Three sisters.--Uncle Vanya.--The cherry orchard.--Ivanov.--The sea-gull.--Appreciation. |
| 600 10 - PUNTO DE ACCESO ADICIONAL DE MATERIA--NOMBRE DE PERSONA |
| Nombre de persona |
CHEKHOV, ANTON PAVLOVICH, |
| Fechas asociadas al nombre |
1860-1904 |
| Subdivisión general |
TRADUCCIÓN AL INGLES |
| 9 (RLIN) |
39634 |
| 650 #4 - PUNTO DE ACCESO ADICIONAL DE MATERIA--TÉRMINO DE MATERIA |
| Término de materia o nombre geográfico como elemento de entrada |
Poesía rusa |
| 9 (RLIN) |
25299 |
| 650 #4 - PUNTO DE ACCESO ADICIONAL DE MATERIA--TÉRMINO DE MATERIA |
| Término de materia o nombre geográfico como elemento de entrada |
Literatura rusa |
| 9 (RLIN) |
4743 |
| 700 1# - PUNTO DE ACCESO ADICIONAL--NOMBRE DE PERSONA |
| Nombre de persona |
McMillin, Arnold B. |
| 9 (RLIN) |
39635 |
| 700 1# - PUNTO DE ACCESO ADICIONAL--NOMBRE DE PERSONA |
| Nombre de persona |
Ivers, Mette |
| 9 (RLIN) |
39636 |
| 700 1# - PUNTO DE ACCESO ADICIONAL--NOMBRE DE PERSONA |
| Nombre de persona |
Fen, Elisaveta, |
| Término indicativo de función/relación |
tr. |
| 9 (RLIN) |
39637 |
| 830 #0 - PUNTO DE ACCESO ADICIONAL DE SERIE-TÍTULO UNIFORME |
| Título uniforme |
Books that have changed man's thinking |
| 9 (RLIN) |
39638 |
| 910 ## - DATOS DE OPCIÓN DEL USUARIO (OCLC) |
| Datos de opción del usuario |
Catalogación por derivada / LC |